Paroles : Sur la place - Brel - Statistiques

Statistiques générales
  • Ce quiz a été pris 15 fois
  • Le résultat moyen est 224 sur 272
Statistiques - réponses
Réponse % Correct
à
100%
À
100%
chaud
100%
de
100%
De
100%
Elle
100%
est
100%
et
100%
Et
100%
fait
100%
il
100%
la
100%
La
100%
le
100%
Le
100%
Les
100%
les
100%
On
100%
par
100%
place
100%
sa
100%
se
100%
ses
100%
Sur
100%
sur
100%
trop
100%
un
100%
ville
100%
au
89%
en
89%
jour
89%
Mais
89%
ne
89%
nos
89%
pas
89%
soleil
89%
son
89%
tout
89%
Une
89%
une
89%
va
89%
allée
78%
Aux
78%
Bon
78%
bonté
78%
Car
78%
Cette
78%
chant
78%
chanter
78%
charité
78%
chauffée
78%
chien
78%
cœur
78%
dans
78%
danse
78%
danser
78%
danseuses
78%
Dieu
78%
encore
78%
femmes
78%
fille
78%
homme
78%
hurlant
78%
hurle
78%
j'allais
78%
jamais
78%
l'appelait
78%
l'appelle
78%
l'église
78%
leur
78%
leurs
78%
mendiant
78%
midi
78%
mise
78%
mort
78%
Ni
78%
ni
78%
nous
78%
Nous
78%
78%
78%
pareille
78%
point
78%
Pour
78%
pour
78%
qui
78%
s'en
78%
s'est
78%
tambourin
78%
toujours
78%
tourne
78%
tranquille
78%
vieux
78%
yeux
78%
accompagner
67%
Ainsi
67%
bondit
67%
bouchons
67%
brave
67%
cadence
67%
carreau
67%
carreaux
67%
cœurs
67%
comme
67%
Comme
67%
d'amour
67%
déjà
67%
donner
67%
entendre
67%
entre
67%
ferment
67%
frappe
67%
guitare
67%
Hommes
67%
hommes
67%
Hymne
67%
jours
67%
Laisser
67%
l'amour
67%
L'amoureux
67%
lueur
67%
luire
67%
mains
67%
même
67%
morts
67%
n'aimons
67%
notre
67%
Ondulante
67%
oreilles
67%
paraît
67%
plane
67%
porte
67%
regardent
67%
réveils
67%
roseau
67%
sont
67%
vient
67%
vivants
67%
voilons
67%
voulons
67%
assoupis
56%
certains
56%
d'air
56%
d'antiquités
56%
destinée
56%
flamme
56%
Pleurent
56%
vibrante
56%
paraissent
22%
Aucun quiz correspondant
Distribution des résultats
% des personnes avec chaque résultat
Percentile par nombre de réponses
Votre historique - résultats
Vous n’avez pas pris ce quiz